Natural rubber: Agromanagement and crop processing (Record no. 41736)

MARC details
000 -LEADER
fixed length control field 00705nam a2200253Ia 4500
082 ## - DEWEY DECIMAL CLASSIFICATION NUMBER
Classification number NR:63:5+6
Item number GEO;3
245 #0 - TITLE STATEMENT
Title Natural rubber: Agromanagement and crop processing
260 ## - PUBLICATION, DISTRIBUTION, ETC. (IMPRINT)
Place of publication Kottayam
Name of publisher Rubber Research Institute of India
Year of publication 2000
650 ## - SUBJECT ADDED ENTRY--TOPICAL TERM
Topical Term Germplasm resources
650 ## - SUBJECT ADDED ENTRY--TOPICAL TERM
Topical Term Latex production
650 ## - SUBJECT ADDED ENTRY--TOPICAL TERM
Topical Term Pest
650 ## - SUBJECT ADDED ENTRY--TOPICAL TERM
Topical Term Planting materials
650 ## - SUBJECT ADDED ENTRY--TOPICAL TERM
Topical Term Ribbed sheet
650 ## - SUBJECT ADDED ENTRY--TOPICAL TERM
Topical Term Root disease
650 ## - SUBJECT ADDED ENTRY--TOPICAL TERM
Topical Term Rubber plantation industry
650 ## - SUBJECT ADDED ENTRY--TOPICAL TERM
Topical Term Stem disease
650 ## - SUBJECT ADDED ENTRY--TOPICAL TERM
Topical Term Tapping
650 ## - SUBJECT ADDED ENTRY--TOPICAL TERM
Topical Term Waste management
650 ## - SUBJECT ADDED ENTRY--TOPICAL TERM
Topical Term Yield stimulation
700 ## - ADDED ENTRY--PERSONAL NAME
Personal name George, P J
700 ## - ADDED ENTRY--PERSONAL NAME
Personal name Jacob, C Kuruvilla
942 ## - ADDED ENTRY ELEMENTS (KOHA)
Koha item type Reference
Holdings
Withdrawn status Lost status Damaged status Not for loan Home library Current library Date acquired Cost, normal purchase price Full call number Accession Number Koha item type
    Damaged   RRII Library RRII Library 16/12/2021 2000.00 NR:63:5+6 GEO;3 22022 Books